Augmentation of histopathology dataset by methods of generative neural networks

Saved in:
Bibliographic Details
Main Author: Tánczos, Tomáš (Author)
Other Authors: Benešová, Vanda (Thesis advisor)
Format: Manuscript Book
Language:Slovak
English
Published: 2025
Subjects:
Online Access:http://is.stuba.sk/zp/portal_zp.pl?podrobnosti=183619
Tags: Add Tag
No Tags, Be the first to tag this record!

MARC

LEADER 00000ntm a22000003a 4500
001 stuzp105862
003 SK-STU
005 20250607211850.3
007 ta
008 150427s2015----xo-----f-mn---000-0-slo-d
040 |a STU  |b slo 
041 0 |a eng 
100 1 |a Tánczos, Tomáš  |u 070400  |4 aut  |U FIIT Fakulta informatiky a informačných technológií  |T FIIT Ústav počítačového inžinierstva a aplikovanej informatiky  |X 103157  |U I400  |Y 672  |7 103157 
242 0 1 |a Rozšírenie histopatologického súboru údajov metódami generatívnych neurónových sietí  |y slo 
245 1 0 |a Augmentation of histopathology dataset by methods of generative neural networks 
260 |c 2025 
650 4 |a Semantic Image Synthesis  |2 eng 
650 4 |a Digital Histopathology  |2 eng 
650 4 |a Generative Neural Networks  |2 eng 
650 4 |a Dataset Augmentation  |2 eng 
650 4 |a Generatívne Neurónové Siete  |2 slo 
650 4 |a Sémantická Syntéza Obrazov  |2 slo 
650 4 |a Digitálna Histopatológia  |2 slo 
650 4 |a Augmentácia Dátovej Množiny  |2 slo 
700 1 |a Benešová, Vanda  |u 070400  |k Z1  |4 ths  |U FIIT Fakulta informatiky a informačných technológií  |T FIIT Ústav počítačového inžinierstva a aplikovanej informatiky  |X 63121  |U I400  |Y 672  |7 63121 
856 4 |u http://is.stuba.sk/zp/portal_zp.pl?podrobnosti=183619